Die 10 besten Fußballerinnen der Welt 2024 Sudden Death - Statistiken

Allgemein
  • Dieses Quiz wurde 311 mal gespielt
  • Das Durchschnittsergebnis liegt bei 2 aus 10
Answers on the Grid
Answers color-coded by a green-red scale on the quiz's grid according to % correct below.
Lauren James
Chelsea
Aitana Bonmatí
Barcelona
Trinity Rodman
Washington Spirit
Keira Walsh
Barcelona
Mallory Swanson
Chicago Red Stars
Temwa Chawinga
Kansas City Current
Lauren Hemp
Manchester City
Barbra Banda
Orlando Pride
Lindsey Horan
Lyon
Caroline Graham Hansen
Barcelona
Marie-Antoinette Katoto
PSG
Khadija Shaw
Manchester City
Salma Paralluelo
Barcelona
Naomi Girma
San Diego Wave
Sophia Smith
Portland Thorns
 
Antwortstatistiken
Antwort % Korrekt
Aitana Bonmatí
Barcelona
85%
Caroline Graham Hansen
Barcelona
31%
Salma Paralluelo
Barcelona
17%
Trinity Rodman
Washington Spirit
16%
Lindsey Horan
Lyon
12%
Sophia Smith
Portland Thorns
11%
Barbra Banda
Orlando Pride
6%
Khadija Shaw
Manchester City
5%
Mallory Swanson
Chicago Red Stars
5%
Naomi Girma
San Diego Wave
4%
Keine übereinstimmenden Quizze gefunden
Verteilung der Resultate
Anzahl Personen mit jedem Resultat
Perzentil nach korrekt beantworteten Fragen
Ihre Resultats-Entwicklung
Sie haben dieses Quiz noch nicht gespielt